000 00657nam a2200217 a 4500
999 _c2628
_d2628
001 2628
003 BD-JhCC
005 20171122131002.0
008 171105s1978 bg |||| |||| 000 0 ben d
035 _a(BD-JhCC)2628
040 _aBD-JhCC
_dBD-JhCC
041 _aben
082 _a297.18
_bMOI 1978
245 _aমুসলিম বীরাঙ্গনা /
_cমঈনুদ্দীন
260 _aঢাকা :
_bইসলামিক ফাউন্ডেশন,
_c১৯৭৮.
300 _a১২০ পৃ. :
_c২১ সেমি.
650 _abiography muslim women
650 _aIslamic Legend
942 _2ddc
_cBK